00576nam a2200193Ia 450000500170000000800410001708200210005824500700007926000170014930000170016665000100018365000170019365000130021065000200022370000210024394200060026495200970027099900150036720250320070237.0240331s9999 xx 000 0 und d bFRE24001a362.8 0aFreedom from Violence :bWomen's Strategies from Around the World bUNIFEMc1992 axvi, 354 p., aWomen aHuman Rights aEquality aGender Violence aSchuler, M.eedt cL 001040708LaWERCLbWERCLcSSCd2024-03-31l0o 362.8 FREp4001r2024-03-31w2024-03-31yL c2916d2916